000 00284nam a2200121Ia 4500
008 190216s9999||||xx |||||||||||||| ||und||
100 _aVijayan O V
245 0 _aKhasakinde Ithihasam
260 _bD C Books Kerala
_c1991
300 _a182p
650 _aMalayalam Novel
942 _cBK
999 _c26709
_d26709